Reklamní dárek prezentuje nenásilně
Reklamné dary ako významný nástroj podlinkovej marketingovej komunikácie. Najčastejšie využívané predmety 3D reklamy. Využívanie katalógov pri výbere reklamných darčekov. Reklamné predmety vyrobené na objednávku. Módne trendy v 3D reklame. Manažérske darčeky. Vhodná aplikácia loga firmy. Legislatívn...
Salvato in:
| Autore principale: | |
|---|---|
| Natura: | Capitolo di libro |
| Lingua: | ceco |
| Soggetti: | |
| Tags: |
Nessun Tag, puoi essere il primo ad aggiungerne!!
|
MARC
| LEADER | 00000naa$a2200000$$$4500 | ||
|---|---|---|---|
| 001 | 0047021 | ||
| 005 | 20231018130043.5 | ||
| 041 | 0 | |a cze | |
| 044 | |a CZ | ||
| 245 | 1 | 0 | |a Reklamní dárek prezentuje nenásilně |c Milena Hanšová |
| 520 | |a Reklamné dary ako významný nástroj podlinkovej marketingovej komunikácie. Najčastejšie využívané predmety 3D reklamy. Využívanie katalógov pri výbere reklamných darčekov. Reklamné predmety vyrobené na objednávku. Módne trendy v 3D reklame. Manažérske darčeky. Vhodná aplikácia loga firmy. Legislatívne obmedzenie v 3D reklame. | ||
| 610 | 2 | 0 | |a reklama |
| 610 | 2 | 0 | |a komunikácia marketingová |
| 610 | 2 | 0 | |a marketing mix |
| 610 | 2 | 0 | |a dary |
| 610 | 2 | 0 | |a firmy |
| 610 | 2 | 0 | |a logo |
| 610 | 2 | 0 | |a legislatíva |
| 100 | 1 | |a Hanšová, Milena | |